000 00475nam a2200169Ia 4500
999 _c33733
_d33733
003 OSt
005 20200826101557.0
008 190216s9999||||xx |||||||||||||| ||und||
040 _coclc
082 _a530.03
_bGOL/D
100 _aGoldstein, A M
_94346
245 0 _aA Dictionary Of Physics /
_cA M Goldstein
260 _bCbs Publishers,
_c2000.
_aNew Delhi:
300 _a292p
650 _aPhysics
942 _cBK
_2ddc
_h530.03
_iGOL/D
_k530.03
_mGOL/D